Statistics for Spelling the longest place name in wales

Click here to take the quiz!

General Stats

  • This quiz has been taken 333 times
  • The average score is 34 of 58

Answer Stats

Letter% Correct
L
100%
L
99%
A
98%
N
96%
F
91%
A
90%
I
89%
R
88%
P
85%
W
84%
L
81%
L
81%
G
80%
W
79%
Y
77%
N
74%
G
74%
Y
73%
L
70%
L
70%
G
69%
O
67%
G
67%
E
65%
R
64%
Y
62%
H
58%
C
56%
W
55%
Y
52%
R
45%
O
45%
D
43%
R
43%
B
43%
L
42%
H
42%
L
42%
L
41%
L
41%
N
41%
W
41%
G
41%
G
41%
O
40%
C
40%
A
39%
O
39%
N
38%
G
38%
T
36%
O
36%
O
36%
Y
35%
S
34%
L
34%
I
33%
I
33%

Score Distribution

Percentile by Number Answered

Percent of People with Each Score

Your Score History

You have not taken this quiz